Bordering Countries II Quiz Stats

Quiz not verified by Sporcle

Also try: 9-Letter US States
Challenge
Share
Tweet
Embed
Score 0/75 Timer 10:00
0 Plays Today
Country % Correct
Poland
97.9%
Russia
97.9%
Poland
97.9%
Czech Republic
96.8%
France
96.8%
Austria
96.8%
Switzerland
96.8%
Netherlands
95.7%
Mongolia
95.7%
RussiaMongolia
95.7%
ChinaNorth Korea
94.7%
India
94.7%
North Korea
94.7%
IranIraq
94.7%
GermanyDenmark
93.6%
Pakistan
93.6%
Pakistan
93.6%
Luxembourg
92.6%
Kazakhstan
92.6%
Kyrgyzstan
92.6%
Tajikistan
92.6%
Afghanistan
92.6%
Kazakhstan
92.6%
Afghanistan
92.6%
Vietnam
91.5%
Central African RepublicDemocratic Republic of the Congo
91.5%
Chad
91.5%
Argentina
91.5%
Peru
91.5%
Burkina FasoMali
91.5%
Hungary
91.5%
Bosnia and Herzegovina
91.5%
Belgium
90.4%
Laos
90.4%
BoliviaChile
90.4%
Brazil
90.4%
HondurasNicaragua
90.4%
El Salvador
90.4%
Country % Correct
Latvia
90.4%
Montenegro
90.4%
Croatia
90.4%
Zambia
89.4%
Paraguay
89.4%
Guatemala
89.4%
Azerbaijan
89.4%
Estonia
89.4%
Lithuania
89.4%
Niger
89.4%
Azerbaijan
89.4%
SerbiaKosovo
89.4%
Nepal
88.3%
Georgia
88.3%
Ukraine
88.3%
Finland
88.3%
Turkmenistan
88.3%
Macedonia
88.3%
Bhutan
87.2%
South Sudan
87.2%
Mozambique
87.2%
Belarus
87.2%
Norway
87.2%
Armenia
87.2%
Romania
87.2%
China
86.2%
Bulgaria
86.2%
MalawiTanzania
85.1%
Turkey
85.1%
Republic of the Congo
84%
Sudan
84%
Ghana
84%
Cameroon
83%
Myanmar
81.9%
Cote d'Ivoire
81.9%
Benin
81.9%
Togo
80.9%

You're not logged in!

Compare scores with friends on all Sporcle quizzes.
Join for Free
OR
Log In

You Might Also Like...

Show Comments

Extras

Created Aug 4, 2012ReportNominate
Tags:Border Quiz, Country Quiz

Top Quizzes Today


Score Distribution

Your Account Isn't Verified!

In order to create a playlist on Sporcle, you need to verify the email address you used during registration. Go to your Sporcle Settings to finish the process.

Report this User

Report this user for behavior that violates our Community Guidelines.

Details: